Capitals Starting with 'B' - Statistics

General Stats
  • This quiz has been taken 443 times
    411 since last reset
  • The average score is 20 of 26
Answer Stats
Continent Capital % Correct
South America Bogotá
92%
South America Brasília
92%
Europe Berlin
90%
Europe Brussels
89%
South America Buenos Aires
89%
Europe Budapest
86%
Europe Bucharest
85%
Europe Bern
84%
Europe Bratislava
83%
Europe Belgrade
82%
Asia Beijing
81%
Asia Baghdad
79%
North America Belmopan
78%
Asia Baku
77%
Africa Bamako
76%
North America Bridgetown
76%
Asia Bangkok
74%
Asia Beirut
74%
Asia Bishkek
73%
Africa Brazzaville
73%
Africa Bangui
69%
Africa Banjul
69%
Asia Bandar Seri Begawan
67%
North America Basseterre
66%
Africa Bissau
60%
Africa Bloemfontein
60%
No matching quizzes found
Score Distribution
Percent of People with Each Score
Percentile by Number Answered
Your Score History
You have not taken this quiz since the last reset